Statistics for Most-Guessed JetPunk Answers #1

Click here to take the quiz!

General Stats

  • This quiz has been taken 52,735 times
    (12,970 since last reset)
  • The average score is 15 of 20

Answer Stats

Quiz % Answer % Correct
Olympian Gods99Zeus
94%
Asian capitals94Tokyo
89%
Biggest cities in Africa99Cairo
87%
Most common last names
in the U.S.
97Smith
87%
Shakepeare's plays94Romeo and Juliet
87%
Three letter body parts96Eye
85%
Elements of the Periodic Table96Hydrogen
85%
Mediterranean countries98Italy
85%
Orchestra instruments99Violin
84%
Original Pokémon94Pikachu
83%
Most popular herbs and spices
* we don't consider salt to be a spice
93Pepper
76%
Books of the Bible97Genesis
74%
Summer Olympics host cities98London
71%
Signs of the Chinese Zodiac89Dragon
69%
Apostles of Jesus92John
68%
Landlocked countries90Mongolia
55%
Constellations
* The Big Dipper is not an
entire constellation
84Orion
54%
U.S. state capitals86Sacramento
54%
Countries with four-letter names91Peru
54%
Types of wine grape79Merlot
25%

Score Distribution

Percentile by Number Answered

Percent of People with Each Score

Your Score History

You have not taken this quiz since the last reset